[Event "GRE Ch women"]
[Site "?"]
[Date "2003.12.05"]
[Round "7"]
[White "Papadopoulou Vera"]
[Black "Makka Ioulia"]
[Result "1/2-1/2"]
[WhiteElo "2245"]
[BlackElo "2192"]
[PlyCount "143"]
[EventDate "2003.??.??"]
[Source "www.chesslib.no"]
[SourceDate "2004.05.04"]

1. d4 d5 2. c4 e6 3. Nf3 Nf6 4. Nc3 Be7 5. Bg5 O-O 6. e3 Ne4 7. Bxe7 Qxe7 8. Rc1 c6 9. Bd3 Nxc3 10. Rxc3 dxc4 11. Bxc4 Nd7 12. O-O e5 13. e4 exd4 14. Qxd4 Nb6 15. Bb3 Bg4 16. Qe5 Rae8 17. Qxe7 Rxe7 18. Nd2 Rd8 19. Rc2 Red7 20. Nc4 Nxc4 21. Bxc4 Bd1 22. Rc1 Rd2 23. Re1 Bh5 24. Rb1 a5 25. f3 Kf8 26. Kf1 Bg6 27. Re2 b5 28. Rxd2 Rxd2 29. Be2 Ke7 30. Ke1 Rd4 31. Kf2 b4 32. Ke3 c5 33. g4 f6 34. a3 Bf7 35. Ra1 Rd7 36. axb4 axb4 37. Ra6 Rc7 38. Rb6 h6 39. h4 g5 40. h5 Be6 41. f4 gxf4+ 42. Kxf4 Rd7 43. Ke3 Rc7 44. Rb8 Bc8 45. Kf4 Rc6 46. Bb5 Rc7 47. Bc4 Rc6 48. Bd5 Rc7 49. Rb6 Bd7 50. b3 Ra7 51. e5 fxe5+ 52. Kxe5 Bxg4 53. Rxh6 Ra2 54. Rh7+ Kf8 55. h6 c4 56. Kd6 Ra6+ 57. Ke5 c3 58. Rh8+ Ke7 59. Be4 Re6+ 60. Kd4 Rxe4+ 61. Kxe4 c2 62. Re8+ Kxe8 63. h7 c1=Q 64. h8=Q+ Kf7 65. Qh7+ Kf6 66. Qh4+ Kf7 67. Qxg4 Qc2+ 68. Ke5 Qc3+ 69. Kd5 Qxb3+ 70. Qc4 Qc3 71. Kc5+ Ke7 72. Kb5 1/2-1/2

[Event "Bayernliga 2003/04"]
[Site "?"]
[Date "2004.02.15"]
[Round "6.4"]
[White "Kaeppel Roland"]
[Black "Jirovsky Pavel"]
[Result "0-1"]
[WhiteElo "2096"]
[BlackElo "2340"]
[PlyCount "88"]
[EventDate "2004.??.??"]
[Source "www.chesslib.no"]
[SourceDate "2004.05.04"]

1. d4 Nf6 2. c4 e6 3. Nc3 d5 4. Bg5 Nbd7 5. e3 Be7 6. Nf3 O-O 7. Rc1 c6 8. Bd3 dxc4 9. Bxc4 Nd5 10. Bxe7 Qxe7 11. O-O Nxc3 12. Rxc3 e5 13. d5 cxd5 14. Qxd5 e4 15. Nd2 Nf6 16. Qa5 b6 17. Qa3 Qe5 18. Be2 Bg4 19. Nc4 Qh5 20. Bxg4 Nxg4 21. h3 Nf6 22. Nd6 Qd5 23. Nc4 Qe6 24. Rfc1 b5 25. Nd2 b4 26. Qxb4 Nd5 27. Qb3 Nxc3 28. Qxe6 Ne2+ 29. Kf1 Ng3+ 30. fxg3 fxe6+ 31. Ke2 Rac8 32. Rxc8 Rxc8 33. Kd1 Rc5 34. Nxe4 Re5 35. Nc3 Rxe3 36. Ne2 Kf7 37. Kd2 Re5 38. Kd3 Rd5+ 39. Ke3 Rd1 40. Nc3 Rg1 41. Kf2 Rc1 42. Kf3 Rc2 43. Na4 Kf6 44. a3 Ke5 0-1

[Event "Cannes op-B 18th"]
[Site "Cannes"]
[Date "1997.??.??"]
[Round "2"]
[White "Lacrosse, Marc"]
[Black "Delanoy, Arnaud"]
[Result "1-0"]
[WhiteElo "2285"]
[BlackElo "2150"]
[PlyCount "63"]
[EventDate "1997.02.22"]
[Source "www.chesslib.no"]
[SourceDate "2004.05.04"]

1. d4 d5 2. c4 e6 3. Nc3 Be7 4. Nf3 Nf6 5. Bg5 O-O 6. e3 Ne4 7. Bxe7 Qxe7 8. Rc1 Nxc3 9. Rxc3 c6 10. Bd3 dxc4 11. Bxc4 Nd7 12. O-O e5 13. d5 cxd5 14. Qxd5 e4 15. Nd4 Nb6 16. Qh5 g6 17. Qe2 Nxc4 18. Qxc4 Bd7 19. Qd5 Bg4 20. h3 Rfd8 21. Qb3 Bxh3 22. gxh3 Qg5+ 23. Kh2 Qe5+ 24. f4 exf3+ 25. Kh1 Rd7 26. Rxf3 Qe4 27. Qc2 Qh4 28. Rc8+ Rd8 29. Rxa8 Rxa8 30. Qc7 Rf8 31. Qf4 Qe7 32. Qf6 1-0

[Event "Dresden op"]
[Site "Dresden"]
[Date "1997.??.??"]
[Round "1"]
[White "Lamprecht, Frank"]
[Black "Fischer, M."]
[Result "1/2-1/2"]
[WhiteElo "2410"]
[BlackElo "2015"]
[PlyCount "54"]
[EventDate "1997.??.??"]
[Source "www.chesslib.no"]
[SourceDate "2004.05.04"]

1. d4 Nf6 2. c4 e6 3. Nc3 d5 4. Bg5 Be7 5. Nf3 O-O 6. e3 Nbd7 7. Rc1 c6 8. Bd3 dxc4 9. Bxc4 Nd5 10. Bxe7 Qxe7 11. O-O Nxc3 12. Rxc3 e5 13. Bb3 e4 14. Nd2 Nf6 15. Rc5 Bg4 16. Qb1 Nd7 17. Rc3 Rae8 18. Qxe4 Qxe4 19. Nxe4 Rxe4 20. f3 Bxf3 21. gxf3 Rh4 22. d5 c5 23. e4 b6 24. Bc2 f5 25. exf5 Re8 26. Rd3 Re2 27. Bd1 Rxb2 1/2-1/2

[Event "Olimpiadi 2008 - fem"]
[Site "Dresda GER"]
[Date "2008.11.13"]
[Round "1"]
[White "Galojan, L."]
[Black "Brunello, M."]
[Result "1-0"]
[WhiteElo "2305"]
[BlackElo "2117"]
[PlyCount "87"]
[EventDate "2008.11.13"]
[Source "www.chesslib.no"]
[SourceDate "2004.05.04"]

1. d4 d5 2. c4 e6 3. Nc3 Be7 4. Nf3 Nf6 5. Bg5 O-O 6. Rc1 Nbd7 7. e3 c6 8. Bd3 dxc4 9. Bxc4 Nd5 10. Bxe7 Qxe7 11. O-O Nxc3 12. Rxc3 e5 13. Bb3 e4 14. Nd2 Kh8 15. f3 exf3 16. Qxf3 Nf6 17. e4 Bg4 18. Qf4 Bh5 19. e5 Nd5 20. Bxd5 cxd5 21. Rfc1 Rad8 22. Nf1 Bg6 23. Ng3 Rd7 24. a3 Qe6 25. h4 h6 26. h5 Bh7 27. Kh2 Re7 28. Rc5 Kg8 29. Qf3 Rd7 30. Qf4 Re7 31. Qh4 Ree8 32. Qh3 Bd3 33. R1c3 Bb1 34. Rc1 Bd3 35. R5c3 Bh7 36. Qxe6 fxe6 37. Rc7 Rf7 38. Rxf7 Kxf7 39. Ne2 Be4 40. Nf4 Re7 41. g4 g5 42. hxg6+ Bxg6 43. Rc8 Kg7 44. Rc7 1-0

[Event "6th Parsvnath Open"]
[Site "New Delhi IND"]
[Date "2008.01.18"]
[Round "8"]
[White "Babu, NS."]
[Black "Diwan, R."]
[Result "1-0"]
[WhiteElo "2333"]
[BlackElo "2084"]
[PlyCount "71"]
[EventDate "2008.01.13"]
[Source "www.chesslib.no"]
[SourceDate "2004.05.04"]

1. d4 d5 2. c4 e6 3. Nf3 Nf6 4. Nc3 Be7 5. Bg5 O-O 6. e3 Nbd7 7. Rc1 c6 8. Bd3 dxc4 9. Bxc4 Nd5 10. Bxe7 Qxe7 11. O-O Nxc3 12. Rxc3 e5 13. Bb3 e4 14. Nd2 Kh8 15. f3 exf3 16. Qxf3 f5 17. e4 fxe4 18. Qxe4 Rxf1+ 19. Kxf1 Qxe4 20. Nxe4 Nf6 21. Nd6 g6 22. Kg1 Kg7 23. h3 Rb8 24. g4 h6 25. Re3 Kf8 26. Be6 Bxe6 27. Rxe6 Ne8 28. Rxg6 Nxd6 29. Rxd6 Kg7 30. Kg2 Rf8 31. Rd7+ Rf7 32. Rxf7+ Kxf7 33. Kf3 Ke6 34. Ke4 Kf6 35. h4 a5 36. a4 1-0

[Event "ch corr"]
[Site "Denmark ch corr"]
[Date "1979.??.??"]
[Round "?"]
[White "Marcussen, Rudolf"]
[Black "Nielsen, Julius"]
[Result "0-1"]
[WhiteElo "1955"]
[BlackElo "2455"]
[PlyCount "60"]
[EventDate "1979.??.??"]
[Source "www.chesslib.no"]
[SourceDate "2004.05.04"]

1. Nf3 d5 2. c4 e6 3. d4 Nf6 4. Nc3 Be7 5. Bg5 O-O 6. e3 Ne4 7. Bxe7 Qxe7 8. Rc1 c6 9. Bd3 Nxc3 10. Rxc3 Nd7 11. O-O dxc4 12. Bxc4 e5 13. Qc2 exd4 14. exd4 Qd6 15. Ng5 Nf6 16. Re1 g6 17. Qb3 Qf4 18. Nf3 Ne4 19. Bxf7+ Rxf7 20. Rxe4 Qxe4 21. Qxf7+ Kxf7 22. Ng5+ Ke7 23. Nxe4 Be6 24. Re3 Bxa2 25. Nc3+ Be6 26. d5 cxd5 27. Nxd5+ Kd6 28. Rxe6+ Kxd5 29. Re7 b5 30. Rxh7 a5 0-1

[Event "WYCC 2003 - G18"]
[Site "?"]
[Date "2003.10.29"]
[Round "7.10"]
[White "Kursova Maria"]
[Black "Mijovic Aleksandra"]
[Result "1-0"]
[WhiteElo "2275"]
[BlackElo "2088"]
[PlyCount "45"]
[EventDate "2003.??.??"]
[Source "www.chesslib.no"]
[SourceDate "2004.05.04"]

1. d4 d5 2. Nf3 Nf6 3. c4 e6 4. Nc3 Be7 5. Bg5 Nbd7 6. e3 O-O 7. Rc1 c6 8. Bd3 dxc4 9. Bxc4 Nd5 10. Bxe7 Qxe7 11. O-O Nxc3 12. Rxc3 e5 13. Bb3 exd4 14. exd4 Nb6 15. Re1 Qd8 16. Ne5 Nd5 17. Rg3 f6 18. Nd3 Kh8 19. Qh5 g6 20. Qh6 Re8 21. Rxg6 Rxe1+ 22. Nxe1 Qe8 23. Qg7# 1-0

[Event "10th WCh-University w"]
[Site "Novokuznetsk RUS"]
[Date "2008.03.09"]
[Round "7"]
[White "Cheremnova, T."]
[Black "Imanbaeva, A."]
[Result "1-0"]
[WhiteElo "2156"]
[BlackElo "2205"]
[PlyCount "91"]
[EventDate "2008.03.04"]
[Source "www.chesslib.no"]
[SourceDate "2004.05.04"]

1. d4 d5 2. c4 e6 3. Nc3 Nf6 4. Bg5 Be7 5. e3 c6 6. Nf3 Nbd7 7. Rc1 O-O 8. Bd3 dxc4 9. Bxc4 Nd5 10. Bxe7 Qxe7 11. O-O Nxc3 12. Rxc3 e5 13. Bb3 exd4 14. exd4 Qd6 15. Re1 Nf6 16. Ne5 Nd5 17. Rg3 Be6 18. Qh5 f6 19. Qh6 Qc7 20. Bc2 g5 21. Nf3 Rae8 22. Nxg5 fxg5 23. Rxe6 Qf7 24. Qxg5+ Kh8 25. Qe5+ Nf6 26. Re3 Rxe6 27. Qxe6 Qxe6 28. Rxe6 Nd5 29. g3 Rd8 30. Rh6 Rd7 31. Bf5 Re7 32. Re6 Rf7 33. Re8+ Kg7 34. Be6 Rc7 35. Bxd5 cxd5 36. Rd8 Rc2 37. Rd7+ Kg6 38. Rxb7 Rd2 39. Rxa7 Rxd4 40. Kf1 Rd2 41. Rb7 Kf5 42. Ke1 Rc2 43. Kd1 Rc6 44. Rxh7 Ke4 45. Kd2 Rf6 46. Rh4+ 1-0

[Event "London SCCU Open"]
[Site "London ENG"]
[Date "1995.08.??"]
[Round "3"]
[White "Maduekwe, Chiedu"]
[Black "Mashayekh, Majid"]
[Result "1-0"]
[WhiteElo "2265"]
[BlackElo "2048"]
[PlyCount "77"]
[EventDate "1995.08.14"]
[Source "www.chesslib.no"]
[SourceDate "2004.05.04"]

1. d4 Nf6 2. c4 e6 3. Nc3 d5 4. Bg5 Be7 5. e3 O-O 6. Nf3 Nbd7 7. Rc1 c6 8. Be2 dxc4 9. Bxc4 Nd5 10. Bxe7 Qxe7 11. O-O Nxc3 12. Rxc3 e5 13. Bb3 e4 14. Nd2 Kh8 15. a3 f5 16. Ba2 c5 17. dxc5 Nxc5 18. Qc2 Nd3 19. f3 Qg5 20. f4 Qf6 21. Bc4 Bd7 22. Bxd3 exd3 23. Qxd3 Bc6 24. e4 Rad8 25. Qe3 fxe4 26. Nxe4 Bxe4 27. Qxe4 Qb6+ 28. Qe3 Qxb2 29. Rb3 Qd4 30. Qxd4 Rxd4 31. Rxb7 Ra4 32. Rf3 Kg8 33. g3 Rf7 34. Rb8+ Rf8 35. Rb5 h6 36. Rc3 Rf6 37. Rb7 a6 38. Rcc7 Rg6 39. f5 1-0

[Event "Ch \"]
[Site "Beltsy (Moldova)"]
[Date "1983.??.??"]
[Round "15"]
[White "Ershova, Svetlana"]
[Black "Sadunishvili Lia"]
[Result "1-0"]
[WhiteElo "2155"]
[BlackElo "2151"]
[PlyCount "47"]
[EventDate "1983.??.??"]
[Source "www.chesslib.no"]
[SourceDate "2004.05.04"]

1. d4 Nf6 2. c4 e6 3. Nc3 d5 4. Bg5 Be7 5. e3 O-O 6. Nf3 Nbd7 7. Rc1 c6 8. Bd3 dxc4 9. Bxc4 Nd5 10. Bxe7 Qxe7 11. O-O Nxc3 12. Rxc3 e5 13. Bb3 exd4 14. exd4 Nf6 15. Re1 Qd6 16. Ne5 Bf5 17. Rg3 Nd5 18. Qf3 Bg6 19. h4 h6 20. h5 Bh7 21. Qg4 g5 22. hxg6 Bxg6 23. Nxg6 fxg6 24. Re6 1-0

[Event "Corr"]
[Site "?"]
[Date "1999.10.15"]
[Round "?"]
[White "Quiniou Jean (FRA)"]
[Black "Jonsson Kristjan Johann (IS"]
[Result "1/2-1/2"]
[WhiteElo "2264"]
[BlackElo "2037"]
[PlyCount "69"]
[EventDate "1999.??.??"]
[Source "www.chesslib.no"]
[SourceDate "2004.05.04"]

1. d4 d5 2. c4 e6 3. Nc3 Nf6 4. Bg5 Be7 5. e3 O-O 6. Nf3 Ne4 7. Bxe7 Qxe7 8. Rc1 c6 9. Bd3 Nxc3 10. Rxc3 dxc4 11. Bxc4 Nd7 12. O-O e5 13. Qc2 e4 14. Nd2 Nf6 15. Bb3 Bg4 16. Re1 Rfd8 17. Rc5 Nd7 18. Ra5 b6 19. Ra3 Nf6 20. Qxc6 Rdc8 21. Qb5 Bd7 22. Qe2 a5 23. Bc4 Rab8 24. Rc3 b5 25. Bb3 a4 26. Bc2 Rxc3 27. bxc3 Qe6 28. Bb1 Qc6 29. c4 bxc4 30. Qxc4 Qa8 31. Qc7 Rc8 32. Qe5 Re8 33. Qg5 h6 34. Qc5 Rc8 35. Qe5 1/2-1/2

[Event "Rilton Cup 2004-2005"]
[Site "?"]
[Date "2004.12.29"]
[Round "3"]
[White "Ask Josef"]
[Black "Nystrom Ragnar"]
[Result "1-0"]
[WhiteElo "2208"]
[BlackElo "2082"]
[PlyCount "87"]
[EventDate "2004.??.??"]
[Source "www.chesslib.no"]
[SourceDate "2004.05.04"]

1. d4 e6 2. Nf3 d5 3. c4 Nf6 4. Nc3 Be7 5. Bg5 O-O 6. e3 Nbd7 7. Rc1 c6 8. Bd3 dxc4 9. Bxc4 Nd5 10. Bxe7 Qxe7 11. O-O Nxc3 12. Rxc3 e5 13. e4 exd4 14. Qxd4 b5 15. Bb3 c5 16. Qd2 Bb7 17. Re1 Rad8 18. Qf4 Nb6 19. h4 c4 20. Bc2 Rfe8 21. h5 Bc8 22. Rce3 Nd7 23. e5 Nf8 24. Bb1 Qc7 25. h6 Ng6 26. Bxg6 fxg6 27. hxg7 Re7 28. Ng5 Rxg7 29. Ne4 Be6 30. Nf6+ Kh8 31. g4 b4 32. Rh3 Rd3 33. Rxd3 cxd3 34. Rc1 Qb8 35. Rd1 Re7 36. Rxd3 Bxa2 37. Rd6 Be6 38. Qd4 Qb5 39. Rxe6 Rxe6 40. Qd8+ Kg7 41. Qg8+ Kh6 42. Qxe6 Qe2 43. Qe7 Qxb2 44. Ng8# 1-0

[Event "Dieren op"]
[Site "Dieren"]
[Date "2000.07.26"]
[Round "8"]
[White "Van den Bersselaar, Jeroen"]
[Black "Veneman, Henry J"]
[Result "1/2-1/2"]
[WhiteElo "2065"]
[BlackElo "2213"]
[PlyCount "133"]
[EventDate "2000.07.18"]
[Source "ChessBase"]
[SourceDate "2000.09.14"]

1. d4 d5 2. c4 e6 3. Nf3 Nf6 4. Nc3 Nbd7 5. Bg5 Be7 6. e3 O-O 7. Rc1 c6 8. Bd3 dxc4 9. Bxc4 Nd5 10. Bxe7 Qxe7 11. O-O Nxc3 12. Rxc3 e5 13. h3 e4 14. Nd2 Kh8 15. f3 f5 16. fxe4 fxe4 17. Rxf8+ Nxf8 18. Qh5 Bd7 19. Qf7 Qxf7 20. Bxf7 Be8 21. Bb3 Bg6 22. Nc4 Nd7 23. Nd6 Rb8 24. d5 Ne5 25. dxc6 bxc6 26. Rc5 Nd3 27. Rxc6 Nxb2 28. Ra6 Nd1 29. Bxd1 Rb1 30. Rxa7 Rxd1+ 31. Kh2 h6 32. Nc4 Rc1 33. Ne5 Bf5 34. g4 Be6 35. a4 Rc3 36. Ng6+ Kg8 37. Nf4 Bf7 38. Ra8+ Kh7 39. h4 Rxe3 40. Ra7 Kg8 41. h5 Kf8 42. Ng6+ Bxg6 43. hxg6 Rd3 44. Rf7+ Kg8 45. Re7 Kf8 46. Rxe4 Rd6 47. Kg3 Rxg6 48. Kf4 Ra6 49. Ke5 Kf7 50. Kd5 h5 51. gxh5 Ra5+ 52. Kc6 Rxh5 53. Kb6 Rh1 54. a5 Rb1+ 55. Kc5 Ra1 56. Kb5 g5 57. a6 Kf6 58. Ra4 Rb1+ 59. Ka5 Rb8 60. a7 Ra8 61. Kb6 Kf5 62. Kb7 Rxa7+ 63. Rxa7 Kf4 64. Kc6 g4 65. Kd5 g3 66. Rf7+ Ke3 67. Rg7 1/2-1/2

[Event "Laval"]
[Site "?"]
[Date "2004.04.18"]
[Round "4"]
[White "Lawson Eric"]
[Black "Gadbois Patrick"]
[Result "1-0"]
[WhiteElo "2356"]
[BlackElo "1890"]
[PlyCount "71"]
[EventDate "2004.??.??"]
[Source "www.chesslib.no"]
[SourceDate "2004.05.04"]

1. d4 e6 2. c4 d5 3. Nc3 Nf6 4. Nf3 c6 5. Bg5 Be7 6. e3 Nbd7 7. Rc1 O-O 8. Bd3 dxc4 9. Bxc4 Nd5 10. Bxe7 Qxe7 11. O-O Nxc3 12. Rxc3 e5 13. Bb3 e4 14. Nd2 Nf6 15. Qc2 Rd8 16. Bc4 Bg4 17. Rb1 Rac8 18. b4 Nd5 19. Bxd5 cxd5 20. Rc1 Rxc3 21. Qxc3 h6 22. h3 Rc8 23. Qa3 Rxc1+ 24. Qxc1 Be6 25. Qc5 Qg5 26. Qxa7 Bxh3 27. Qb8+ Kh7 28. Qg3 Qxg3 29. fxg3 Bd7 30. Nb1 b5 31. Kf2 f5 32. Nc3 Bc6 33. a4 bxa4 34. b5 Bd7 35. b6 Bc6 36. Nxa4 1-0

[Event "Malaga Ch"]
[Site "Malaga ESP"]
[Date "1985.03.23"]
[Round "1"]
[White "Munoz Moreno, Francisco J"]
[Black "Cid Prolongo, Carlos"]
[Result "1-0"]
[WhiteElo "2247"]
[BlackElo "1995"]
[PlyCount "103"]
[EventDate "1985.03.23"]
[Source "www.chesslib.no"]
[SourceDate "2004.05.04"]

1. d4 d5 2. c4 e6 3. Nc3 Nf6 4. Bg5 Nbd7 5. e3 Be7 6. Nf3 O-O 7. Rc1 c6 8. Bd3 dxc4 9. Bxc4 Nd5 10. Bxe7 Qxe7 11. O-O Nxc3 12. Rxc3 e5 13. Bb3 exd4 14. exd4 Nf6 15. Ne5 Bf5 16. Rg3 Nd7 17. Qh5 Nxe5 18. Qxf5 Ng6 19. Rh3 Qd6 20. Re1 Qf6 21. Qxf6 gxf6 22. d5 cxd5 23. Bxd5 Rab8 24. Ra3 Rfd8 25. Bf3 Rd2 26. Rb3 b6 27. g3 Rc8 28. Re2 Rxe2 29. Bxe2 Rc7 30. f4 Kg7 31. Kf2 h6 32. Ke3 Re7+ 33. Kd2 Rd7+ 34. Rd3 Rc7 35. Bg4 Nf8 36. Rd6 Kg6 37. b4 Rc4 38. a3 h5 39. Be2 Rc7 40. Rd5 h4 41. gxh4 Kg7 42. h5 Ne6 43. Ke3 Rc3+ 44. Rd3 Rc4 45. Rd7 Rc3+ 46. Bd3 Rxa3 47. h6+ Kxh6 48. Rxf7 Ng7 49. Rxf6+ Kh5 50. Kd2 Ra2+ 51. Ke1 a5 52. Be2+ 1-0

[Event "Olimpiadi 2008 - open"]
[Site "Dresda GER"]
[Date "2008.11.13"]
[Round "1"]
[White "Rees, I."]
[Black "Yueh Wei Po"]
[Result "1-0"]
[WhiteElo "2297"]
[BlackElo "1920"]
[PlyCount "67"]
[EventDate "2008.11.13"]
[Source "www.chesslib.no"]
[SourceDate "2004.05.04"]

1. Nf3 d5 2. d4 Nf6 3. c4 c6 4. Nc3 e6 5. Bg5 Be7 6. e3 O-O 7. Rc1 Nbd7 8. Bd3 dxc4 9. Bxc4 Nd5 10. Bxe7 Qxe7 11. O-O Nxc3 12. Rxc3 e5 13. Bb3 exd4 14. exd4 Nf6 15. Re1 Qd6 16. Ne5 Be6 17. Bxe6 fxe6 18. Qb3 Nd5 19. Rg3 Qc7 20. h4 Qb6 21. Qc2 Rf4 22. Nf3 Re8 23. Re5 Qc7 24. Ng5 Rf5 25. Nxe6 Rxe6 26. Qxf5 Rxe5 27. dxe5 Qe7 28. h5 Nc7 29. h6 g6 30. Qc8+ Ne8 31. Rd3 Kf8 32. a3 a6 33. g3 Qg5 34. Rf3+ 1-0

[Event "It Open"]
[Site "?"]
[Date "2005.05.07"]
[Round "8"]
[White "Papan Cyril"]
[Black "Didi Jan"]
[Result "0-1"]
[WhiteElo "2076"]
[BlackElo "2124"]
[PlyCount "66"]
[EventDate "2005.??.??"]
[Source "www.chesslib.no"]
[SourceDate "2004.05.04"]

1. d4 d5 2. c4 e6 3. Nc3 Nf6 4. Nf3 c6 5. Bg5 Be7 6. e3 O-O 7. Rc1 Nbd7 8. Bd3 dxc4 9. Bxc4 Nd5 10. Bxe7 Qxe7 11. O-O Nxc3 12. Rxc3 e5 13. e4 exd4 14. Qxd4 Nb6 15. Bb3 Be6 16. Re1 Rad8 17. Qe5 Rfe8 18. Qa5 Nc8 19. Bc2 h6 20. a4 b6 21. Qe5 c5 22. a5 Nd6 23. axb6 axb6 24. Qf4 Nc4 25. Ba4 Rf8 26. Bb5 Na5 27. Qe3 Bg4 28. Rd3 Bxf3 29. Qxf3 c4 30. Rxd8 Rxd8 31. Qc3 Rd3 32. Qc1 Qb4 33. Ba6 b5 0-1

[Event "Hessen-chB "]
[Site "Frankfurt"]
[Date "2000.04.16"]
[Round "5"]
[White "Hohmeister, Jens"]
[Black "Wolff, Peter"]
[Result "1/2-1/2"]
[WhiteElo "2136"]
[BlackElo "2055"]
[PlyCount "26"]
[EventDate "2000.??.??"]
[Source "www.chesslib.no"]
[SourceDate "2004.05.04"]

1. Nf3 d5 2. d4 Nf6 3. c4 e6 4. Nc3 c6 5. Bg5 Be7 6. e3 Nbd7 7. Rc1 O-O 8. Bd3 dxc4 9. Bxc4 Nd5 10. Bxe7 Qxe7 11. O-O Nxc3 12. Rxc3 e5 13. d5 e4 1/2-1/2

[Event "SBRhH-ch M"]
[Site "?"]
[Date "2001.??.??"]
[Round "?"]
[White "Mischke Gabriel"]
[Black "Sabel Reinhard"]
[Result "1-0"]
[WhiteElo "2080"]
[BlackElo "2104"]
[PlyCount "125"]
[EventDate "2001.??.??"]
[Source "www.chesslib.no"]
[SourceDate "2004.05.04"]

1. d4 d5 2. c4 e6 3. Nc3 Nf6 4. Bg5 Be7 5. Nf3 c6 6. e3 O-O 7. Rc1 Nbd7 8. Bd3 dxc4 9. Bxc4 Nd5 10. Bxe7 Qxe7 11. O-O Nxc3 12. Rxc3 e5 13. d5 e4 14. Nd4 cxd5 15. Bxd5 Nf6 16. Bb3 Bg4 17. Qc2 Rac8 18. Rc1 Rxc3 19. Qxc3 h6 20. h3 Bd7 21. Qa5 a6 22. Rc7 Rc8 23. Nf5 Qf8 24. Rxc8 Bxc8 25. Nd4 Nd7 26. Qd5 Nf6 27. Qe5 Qe8 28. Qb8 g6 29. Qc7 Kg7 30. Bxf7 Qxf7 31. Qxc8 Ne8 32. Ne6+ Kh7 33. Nd8 Nd6 34. Nxf7 Nxc8 35. f3 Kg7 36. Nd8 Nd6 37. Ne6+ Kf6 38. Nc5 exf3 39. gxf3 Nc4 40. Kf2 Nxb2 41. Nxb7 Nd1+ 42. Ke2 Nc3+ 43. Kd3 Nxa2 44. Kc4 Ke5 45. Nc5 a5 46. Nd3+ Kf5 47. Kb3 Nb4 48. Nxb4 axb4 49. Kxb4 Ke5 50. Kc5 g5 51. Kc4 h5 52. Kd3 Kd5 53. Ke2 Ke5 54. Kf2 Kd5 55. Kg3 h4+ 56. Kf2 Ke5 57. Ke2 Ke6 58. Kd3 Kd5 59. Kc3 Kc5 60. e4 Kd6 61. Kd4 Ke6 62. e5 Kf5 63. Kd5 1-0

[Event "Corr"]
[Site "?"]
[Date "2002.01.29"]
[Round "?"]
[White "Lambert Andreas"]
[Black "Kulczycki Michael"]
[Result "1/2-1/2"]
[WhiteElo "2191"]
[BlackElo "1958"]
[PlyCount "41"]
[EventDate "2002.??.??"]
[Source "www.chesslib.no"]
[SourceDate "2004.05.04"]

1. d4 d5 2. c4 e6 3. Nc3 Be7 4. Nf3 Nf6 5. Bg5 O-O 6. e3 Nbd7 7. Rc1 c6 8. Bd3 dxc4 9. Bxc4 Nd5 10. Bxe7 Qxe7 11. O-O Nxc3 12. Rxc3 e5 13. Bb3 exd4 14. exd4 Nf6 15. Re1 Qd6 16. Ne5 Nd5 17. Rg3 Be6 18. Qd2 Rfe8 19. Qh6 Qf8 20. a3 f6 21. Nd3 1/2-1/2

[Event "Germany"]
[Site "?"]
[Date "2003.04.26"]
[Round "9.3"]
[White "Schulze Ameling Hendrik"]
[Black "Althoff Franz"]
[Result "0-1"]
[WhiteElo "1976"]
[BlackElo "2141"]
[PlyCount "82"]
[EventDate "2003.??.??"]
[Source "www.chesslib.no"]
[SourceDate "2004.05.04"]

1. d4 Nf6 2. c4 e6 3. Nc3 d5 4. Bg5 Be7 5. e3 c6 6. Rc1 Nbd7 7. Nf3 O-O 8. Bd3 dxc4 9. Bxc4 Nd5 10. Bxe7 Qxe7 11. O-O Nxc3 12. Rxc3 e5 13. d5 e4 14. Nd4 cxd5 15. Bxd5 Nf6 16. Bb3 Bd7 17. Qc2 Rac8 18. Rc1 Rxc3 19. Qxc3 h5 20. Qa5 Qd6 21. h3 a6 22. Qc7 Qxc7 23. Rxc7 Rb8 24. g4 hxg4 25. hxg4 Bxg4 26. Rxf7 Kh7 27. Re7 Bd7 28. Bc2 Bc6 29. f3 Kh8 30. fxe4 Ng4 31. Nf5 Rd8 32. Nd4 Nxe3 33. Nxc6 bxc6 34. Ba4 Rd2 35. Re8+ Kh7 36. Bxc6 g5 37. e5 g4 38. Re7+ Kg8 39. e6 g3 40. Rd7 Rxb2 41. Be4 Re2 0-1

[Event "BdF"]
[Site "?"]
[Date "1997.??.??"]
[Round "6"]
[White "Lorenz Maximilian"]
[Black "Fuhrwerk Klaus"]
[Result "1/2-1/2"]
[WhiteElo "1980"]
[BlackElo "2126"]
[PlyCount "94"]
[EventDate "1997.??.??"]
[Source "www.chesslib.no"]
[SourceDate "2004.05.04"]

1. d4 Nf6 2. c4 e6 3. Nc3 d5 4. Bg5 Be7 5. e3 O-O 6. Rc1 Nbd7 7. Nf3 c6 8. Bd3 dxc4 9. Bxc4 Ne4 10. Bxe7 Qxe7 11. O-O Nxc3 12. Rxc3 e5 13. Qc2 exd4 14. exd4 Nb6 15. Re1 Qd8 16. Bb3 Nd5 17. Bxd5 Qxd5 18. Re5 Qd6 19. Rb3 g6 20. h3 Rb8 21. Ra3 a6 22. Qe4 Bf5 23. Qe3 Rfd8 24. Qh6 Rd7 25. Rae3 Qf8 26. Qh4 f6 27. Rc5 Qd6 28. Qh6 Be6 29. a3 Bd5 30. Nd2 Ba2 31. Nf3 Re7 32. Rxe7 Qxe7 33. Qf4 Rd8 34. Rc3 Qd6 35. Qxd6 Rxd6 36. b3 Bb1 37. Re3 Kf7 38. g4 g5 39. Kf1 h6 40. Ke2 f5 41. Kd2 Be4 42. Kc3 Kf6 43. b4 Rd8 44. Ne1 Rd5 45. f3 Bb1 46. Re8 fxg4 47. fxg4 Bg6 1/2-1/2

[Event "Sofia Hemus (15eme open)"]
[Site "?"]
[Date "2004.10.09"]
[Round "1.8"]
[White "Kuzmanov Stojan"]
[Black "Kolev Vasil"]
[Result "1-0"]
[WhiteElo "2175"]
[BlackElo "1900"]
[PlyCount "57"]
[EventDate "2004.??.??"]
[Source "www.chesslib.no"]
[SourceDate "2004.05.04"]

1. d4 d5 2. c4 e6 3. Nc3 Nf6 4. Bg5 Be7 5. e3 Nbd7 6. Rc1 c6 7. Nf3 O-O 8. Bd3 dxc4 9. Bxc4 Nd5 10. Bxe7 Qxe7 11. O-O Nxc3 12. Rxc3 e5 13. Bb3 e4 14. Nd2 Nf6 15. Rc5 Bg4 16. Qc2 Be2 17. Re5 Qc7 18. Nxe4 Nxe4 19. Qxe2 Nf6 20. Rc1 Rfe8 21. Rxe8+ Rxe8 22. Qc4 Qe7 23. Qc5 Qe4 24. Qxa7 Qh4 25. Qxb7 Rf8 26. Qxc6 Ng4 27. Qc7 Qxf2+ 28. Kh1 Qxe3 29. Qxf7+ 1-0

[Event "Brasilia zt women"]
[Site "Brasilia BRA"]
[Date "1993.??.??"]
[Round "?"]
[White "Herrera, Laura"]
[Black "Chaves, Joara"]
[Result "1/2-1/2"]
[WhiteElo "2005"]
[BlackElo "2030"]
[PlyCount "42"]
[EventDate "1993.??.??"]
[Source "www.chesslib.no"]
[SourceDate "2004.05.04"]

1. d4 d5 2. c4 e6 3. Nc3 Nf6 4. Bg5 Be7 5. Nf3 Nbd7 6. e3 O-O 7. Rc1 c6 8. Bd3 dxc4 9. Bxc4 Nd5 10. Bxe7 Qxe7 11. O-O Nxc3 12. Rxc3 e5 13. d5 e4 14. Nd4 c5 15. Nf5 Qe5 16. Ng3 Nf6 17. f3 exf3 18. Qxf3 Bd7 19. Bb3 b6 20. Qf4 Ng4 21. d6 Qxf4 1/2-1/2

[Event "Mallorca-chT Preferente"]
[Site "Palma de Mallorca"]
[Date "2001.01.20"]
[Round "2.6"]
[White "Miralles, Antoni"]
[Black "Gil Carrillo, Luciano"]
[Result "1/2-1/2"]
[WhiteElo "2002"]
[BlackElo "1990"]
[PlyCount "100"]
[EventDate "2001.01.13"]
[Source "www.chesslib.no"]
[SourceDate "2004.05.04"]

1. d4 Nf6 2. c4 e6 3. Nc3 d5 4. Bg5 Be7 5. e3 Nbd7 6. Nf3 c6 7. Bd3 O-O 8. O-O dxc4 9. Bxc4 Nd5 10. Bxe7 Qxe7 11. Rc1 Nxc3 12. Rxc3 e5 13. d5 cxd5 14. Bxd5 Nf6 15. Qb3 Rd8 16. e4 Nxd5 17. exd5 Qd6 18. Rfc1 Bg4 19. Qxb7 Qxd5 20. Qxd5 Rxd5 21. h3 Bxf3 22. Rxf3 Rad8 23. Rc7 R5d7 24. Rfc3 f6 25. Rc8 Rxc8 26. Rxc8+ Kf7 27. Kf1 h5 28. Ke2 g5 29. b4 Kg6 30. Rc6 h4 31. Rc4 Kf5 32. a4 e4 33. a5 Kf4 34. Rc3 Rd4 35. Rb3 a6 36. b5 axb5 37. g3+ hxg3 38. fxg3+ Kf5 39. Rxb5+ Kg6 40. h4 gxh4 41. gxh4 Ra4 42. Ke3 Kh6 43. h5 Rc4 44. Rb6 Kxh5 45. Rxf6 Kg5 46. Rf8 Ra4 47. Ra8 Kf5 48. a6 Kf6 49. a7 Kg7 50. Kf4 Kh7 1/2-1/2